00785nam a22002417a 450000500170000001000120001702000220002903500120005103700160006304000120007908200110009110000230010224500630012526000450018827000390023330000200027250000190029265000330031165000330034494200250037799900190040295201220042120170124105923.0 aB-63202 c00.00a8121207266 aB-63202 bCen Lib/Ret aDPLbEN a327.54 aDixit, J.N.991669 aIndia's foreign policy and its neighbours /cby J.N. Dixit aNew DelhibGyan publishing house c2001 bNew Delhia5, Ansari road e110002 a363p.c21cm(Hb) aIncludes index aForeigh policyzIndia 95276 aPublic administration 94733 2ddccENh327.54mDIX c123297d123297 00104070aLbLd2015-06-05eCen Lib/Retg0.00l0o327.54 DIXpB-63202r2015-06-05 00:00:00t1v0.00w2015-06-05yEN